Catálogo
 En Linea

The background of Hispanic-American law : (Registro nro. 1955)

Detalles MARC
000 -CABECERA
campo de control de longitud fija 00672cam a22001813 4500
001 - NÚMERO DE CONTROL
campo de control 000002095
005 - FECHA Y HORA DE LA ÚLTIMA TRANSACCIÓN
campo de control 20200929145830.0
008 - DATOS DE LONGITUD FIJA--INFORMACIÓN GENERAL
campo de control de longitud fija 821214s1943 nyu b eng
040 ## - FUENTE DE LA CATALOGACIÓN
Centro catalogador/agencia de origen DO-SdBNP
Lengua de catalogación spa
Centro/agencia transcriptor BNPHU
100 1# - ENTRADA PRINCIPAL--NOMBRE DE PERSONA
Nombre de persona Vance, John Thomas,
Fechas asociadas al nombre 1884-1943.
9 (RLIN) 6742
245 14 - MENCIÓN DE TÍTULO
Título The background of Hispanic-American law :
Resto del título legal sources and juridical literature of Spain /
Mención de responsabilidad, etc. John Thomas Vance.
260 ## - PUBLICACIÓN, DISTRIBUCIÓN, ETC.
Lugar de publicación, distribución, etc. New York :
Nombre del editor, distribuidor, etc. Central book company,
Fecha de publicación, distribución, etc. 1943.
300 ## - DESCRIPCIÓN FÍSICA
Extensión viii, 296 p. ;
Dimensiones 24 cm.
650 #4 - PUNTO DE ACCESO ADICIONAL DE MATERIA--TÉRMINO DE MATERIA
Término de materia o nombre geográfico como elemento de entrada Ley
Subdivisión geográfica España
Subdivisión general Historia
9 (RLIN) 6743
650 #4 - PUNTO DE ACCESO ADICIONAL DE MATERIA--TÉRMINO DE MATERIA
Término de materia o nombre geográfico como elemento de entrada Ley
Subdivisión geográfica España
Subdivisión general Bibliografía
9 (RLIN) 6744
740 0# - PUNTO DE ACCESO ADICIONAL--TÍTULO RELACIONADO O ANALÍTICO NO CONTROLADO
Título relacionado o analítico no controlado Hispanic-American law.
740 0# - PUNTO DE ACCESO ADICIONAL--TÍTULO RELACIONADO O ANALÍTICO NO CONTROLADO
Título relacionado o analítico no controlado Legal sources and juridical literature of Spain.
Existencias
Estado de retiro Estado de pérdida Restricciones de uso No para préstamo Código de colección Localización permanente Ubicación/localización actual Ubicación en estantería Fecha de adquisición Número de inventario Total de préstamos Signatura topográfica completa Código de barras Fecha visto por última vez Precio válido a partir de Tipo de ítem Koha
    Préstamo interno   Monografías: Libros y Folletos General General En catalogación 22.09.2009 LF1   2095-10 25.06.2020 25.06.2020 Préstamo interno

Con tecnología Koha